| 000 | 01046cam a2200265 a 4500 | ||
|---|---|---|---|
| 999 |
_c17401 _d17401 |
||
| 001 | 16487950 | ||
| 008 | 101004s2011 caua b 001 0 eng | ||
| 010 | _a 2010040661 | ||
| 020 | _a9781412980401 (pbk.) | ||
| 040 |
_aDLC _cZUC _dDLC _erda |
||
| 050 | 0 | 0 |
_aJA76 _bGLA |
| 100 | 1 | _aGlasberg, Davita Silfen. | |
| 245 | 1 | 0 |
_aPolitical sociology : _boppression, resistance, and the state / _cDavita Glasberg, Deric Shannon. |
| 264 |
_aThousand Oaks : _bPine Forge Press, _c©2011. |
||
| 300 |
_axiv, 231 pages. : _billustrations. ; _c23 cm. |
||
| 650 | 0 | _aPolitical sociology. | |
| 650 | 0 | _aOppression (Psychology). | |
| 650 | 0 | _aSocial movements. | |
| 942 | _cOS | ||
| 336 |
_atext _btxt |
||
| 337 |
_aunmediated _bnc |
||
| 338 | _2rdacarrier | ||